[Event "Reykjavik op"]
[Site "Reykjavik"]
[Date "2024.03.20"]
[Round "8"]
[White "Zhu, Jiner"]
[Black "Moussard, Jules"]
[Result "1/2-1/2"]
[WhiteElo "2467"]
[BlackElo "2621"]
[PlyCount "115"]
[EventDate "2024.03.15"]
[EventType "swiss"]
[EventRounds "9"]
[EventCountry "ISL"]
[SourceTitle "CB13_2024"]
[SourceDate "2024.03.27"]
[SourceVersion "1"]
[SourceVersionDate "2024.03.27"]
[SourceQuality "1"]

1. e4 c5 2. Nf3 d6 3. d4 cxd4 4. Nxd4 Nf6 5. Nc3 a6 6. Be3 e6 7. Be2 Qc7 8. Qd2 b5 9. a3 h5 10. f3 Nbd7 11. 0-0-0 Be7 12. h3 h4 13. Rhe1 Rb8 14. f4 Bb7 15. e5 dxe5 16. fxe5 Ne4 17. Nxe4 Bxe4 18. Bg5 Nc5 19. Bxe7 Qxe7 20. Bf3 Bxf3 21. Nxf3 0-0 22. Kb1 Rfc8 23. Qf4 a5 24. Ng5 f6 25. exf6 Qxf6 26. Qxf6 gxf6 27. Nxe6 Kf7 28. Nxc5 Rxc5 29. Rd7+ Kg6 30. Re4 Rg5 31. Rxh4 Rxg2 32. Rg4+ Rxg4 33. hxg4 Kg5 34. Rd4 Rh8 35. b4 axb4 36. axb4 Rh4 37. c3 Rh2 38. Kc1 Re2 39. Kd1 Ra2 40. Rd6 Rg2 41. Rb6 Rh2 42. Rxb5+ Kxg4 43. c4 Kf4 44. c5 Ke5 45. Rb6 f5 46. b5 Kd4 47. c6 Kd3 48. Ke1 Ke3 49. Kf1 Kf3 50. Kg1 Rg2+ 51. Kh1 Rc2 52. Rb7 Rc5 53. Rb8 f4 54. Rg8 Kf2 55. Rh8 Kg3 56. Rg8+ Kf2 57. Rh8 Kg3 58. Rg8+ 1/2-1/2

[Event "Chessable Masters Play In"]
[Site "Chess.com INT"]
[Date "2024.01.31"]
[Round "5"]
[White "Niemann, Hans Moke"]
[Black "Zhu, Jiner"]
[Result "1-0"]
[WhiteElo "2692"]
[BlackElo "2467"]
[PlyCount "133"]
[EventDate "2024.01.31"]
[EventType "swiss (rapid)"]
[EventRounds "9"]
[EventCountry "USA"]
[SourceTitle "CB06_2024"]
[SourceDate "2024.02.07"]
[SourceVersion "1"]
[SourceVersionDate "2024.02.07"]
[SourceQuality "1"]

1. e4 c5 2. Nf3 Nc6 3. Bb5 g6 4. 0-0 Bg7 5. Bxc6 bxc6 6. Re1 Nf6 7. e5 Nd5 8. c4 Nc7 9. d4 cxd4 10. Qxd4 Ne6 11. Qh4 d6 12. Nc3 dxe5 13. Nxe5 Qc7 14. Nf3 0-0 15. Bh6 Bf6 16. Ng5 Bxg5 17. Bxg5 Nxg5 18. Qxg5 Be6 19. Re4 Rad8 20. Qh6 Bf5 21. Rh4 g5 22. Qxg5+ Bg6 23. Re1 f6 24. Qc5 Qb6 25. Na4 Qxc5 26. Nxc5 Rd2 27. h3 e5 28. f4 Rxb2 29. a4 Re8 30. Nd7 Kg7 31. fxe5 fxe5 32. Rxe5 Rxe5 33. Nxe5 Rb4 34. a5 c5 35. Rg4 Ra4 36. h4 Kf6 37. Nxg6 hxg6 38. Kh2 Rxa5 39. Rg5 Ra3 40. Rxc5 Rc3 41. g3 a5 42. Kh3 a4 43. Kg4 a3 44. Rc6+ Kf7 45. Kh3 a2 46. Ra6 Rxc4 47. Rxa2 Kf6 48. Ra6+ Kg7 49. Ra3 Rb4 50. Kg2 Rc4 51. Kf3 Kf6 52. g4 Rb4 53. Ra6+ Kf7 54. Rd6 Ra4 55. Rd3 Rb4 56. Re3 Rb1 57. Kf4 Rb5 58. Re5 Rb4+ 59. Kg5 Ra4 60. Rb5 Rc4 61. Rb6 Rc5+ 62. Kh6 Rc8 63. Rxg6 Rh8+ 64. Kg5 Rxh4 65. Rf6+ Kg7 66. Kxh4 Kxf6 67. Kh5 1-0

[Event "Titled Tuesday intern op 16th Jan Late"]
[Site "Chess.com INT"]
[Date "2024.01.16"]
[Round "7"]
[White "Pichot, Alan"]
[Black "Zhu, Jiner"]
[Result "1-0"]
[WhiteElo "2644"]
[BlackElo "2467"]
[PlyCount "69"]
[EventDate "2024.01.16"]
[EventType "swiss (blitz)"]
[EventRounds "11"]
[EventCountry "USA"]
[SourceTitle "CB04_2024"]
[SourceDate "2023.10.16"]
[SourceVersion "1"]
[SourceVersionDate "2023.10.16"]
[SourceQuality "1"]

1. e4 c5 2. Nf3 d6 3. Bb5+ Bd7 4. Bxd7+ Qxd7 5. 0-0 Nc6 6. c3 Nf6 7. Qe2 e6 8. d4 cxd4 9. cxd4 d5 10. e5 Ne4 11. Nbd2 Nxd2 12. Bxd2 Be7 13. g3 0-0 14. Rac1 Rfc8 15. h4 Qd8 16. h5 h6 17. Kg2 Rc7 18. a3 Rac8 19. b4 a6 20. g4 Na7 21. Qd3 Rxc1 22. Rxc1 Rxc1 23. Bxc1 Qc8 24. Qb1 Nb5 25. g5 hxg5 26. Bxg5 Bf8 27. Bd2 Be7 28. Bg5 Qd8 29. Bxe7 Qxe7 30. Qc1 Qc7 31. Qg5 Qc2 32. Qd8+ Kh7 33. Ng5+ Kh6 34. Nxf7+ Kxh5 35. Qg5# 1-0

[Event "Titled Tuesday intern op 16th Jan Late"]
[Site "Chess.com INT"]
[Date "2024.01.16"]
[Round "10"]
[White "Velikanov, Alexander"]
[Black "Zhu, Jiner"]
[Result "1-0"]
[WhiteElo "2387"]
[BlackElo "2467"]
[PlyCount "67"]
[EventDate "2024.01.16"]
[EventType "swiss (blitz)"]
[EventRounds "11"]
[EventCountry "USA"]
[SourceTitle "CB04_2024"]
[SourceDate "2023.10.16"]
[SourceVersion "1"]
[SourceVersionDate "2023.10.16"]
[SourceQuality "1"]

1. e4 c5 2. Nf3 d6 3. d4 cxd4 4. Nxd4 Nf6 5. Nc3 Nc6 6. Bc4 Qb6 7. Nxc6 bxc6 8. 0-0 e6 9. Be3 Qxb2 10. Qd3 Qb7 11. f4 Be7 12. e5 Nd5 13. Ne4 dxe5 14. fxe5 Nxe3 15. Qxe3 Qb6 16. Kf2 0-0 17. Rab1 Qxe3+ 18. Kxe3 Rd8 19. Rfd1 Rxd1 20. Rxd1 Kf8 21. Rb1 Ke8 22. Kd4 Kd8 23. Nd6 Bxd6 24. exd6 Bd7 25. Rb7 f6 26. Kc5 e5 27. g4 h6 28. Bd3 a5 29. a4 Rc8 30. Bf5 Bxf5 31. gxf5 e4 32. Rxg7 e3 33. d7 Rb8 34. Kd6 1-0

[Event "Wch Blitz (Women)"]
[Site "Samarkand"]
[Date "2023.12.30"]
[Round "15"]
[White "Zhu, Jiner"]
[Black "Gunina, Valentina"]
[Result "1-0"]
[WhiteElo "2467"]
[BlackElo "2437"]
[PlyCount "91"]
[EventDate "2023.12.29"]
[EventType "swiss (blitz)"]
[EventRounds "17"]
[EventCountry "UZB"]
[SourceTitle "CB01_2024"]
[SourceDate "2024.01.03"]
[SourceVersion "1"]
[SourceVersionDate "2024.01.03"]
[SourceQuality "1"]

1. e4 c6 2. d4 d5 3. e5 c5 4. dxc5 e6 5. Nf3 Bxc5 6. Bd3 Nc6 7. a3 f6 8. b4 Be7 9. Bb2 Nh6 10. 0-0 0-0 11. c4 a5 12. b5 Nxe5 13. Nxe5 fxe5 14. Bxe5 Bf6 15. Qe2 Nf7 16. Bxf6 Qxf6 17. Nd2 b6 18. cxd5 exd5 19. Rae1 Bf5 20. Bxf5 Qxf5 21. Nf3 Nd6 22. Nd4 Qf6 23. Qd3 Rfe8 24. Nc6 Qf7 25. a4 Nc4 26. Qd4 h6 27. h3 Kh8 28. f4 Rxe1 29. Rxe1 Re8 30. Rxe8+ Qxe8 31. Qxd5 Qe3+ 32. Kh1 Qc1+ 33. Kh2 Qxf4+ 34. Kh1 Ne3 35. Qd8+ Kh7 36. Qd3+ Kg8 37. Qd8+ Kf7 38. Qd7+ Kg6 39. Qd3+ Kh5 40. Qe2+ Kg5 41. Kg1 Nf5 42. Ne5 Qxa4 43. Qd2+ Kf6 44. Nf3 Qc4 45. Qd8+ Ke6 46. Qg8+ 1-0